US/UK Words Quiz Stats

 Plays Quiz Updated Dec 26, 2015

Score 0/45 Timer 05:00
42 Plays Today
UK term US term % Correct
TrousersPants
95.5%
ChipsFries
93.6%
CrispsChips
89.3%
PetrolGas
84.8%
SweetsCandy
82.2%
FootballSoccer
82.1%
MotorwayFreeway
80.5%
LiftElevator
77.5%
FlatApartment
76.5%
AutumnFall
74.8%
HolidayVacation
73%
BiscuitCookie
73%
TrainersSneakers
70.5%
NappyDiaper
68.3%
BonnetHood
66.9%
LadybirdLadybug
65.5%
PavementSidewalk
65%
Number plateLicense Plate
64.6%
JamJelly
64.4%
RubberEraser
61.3%
TapFaucet
60.3%
WindscreenWindshield
59.7%
BootTrunk
59.4%
UK term US term % Correct
TorchFlashlight
57.4%
JumperSweater
53.1%
Estate AgentRealtor
52.4%
C.V. (Curriculum Vitae)Résumé
47%
WardrobeArmoire
46.5%
Noughts and CrossesTic Tac Toe
44.6%
TightsPantyhose
42.6%
Candy FlossCotton Candy
41.8%
JellyJell-o
41.5%
PlasterBand-Aid
41.4%
AubergineEggplant
38.7%
SpannerWrench
32.1%
BracesSuspenders
31.2%
DraughtsCheckers
30.4%
Polo neck (sweater)Turtleneck
29.4%
Wellington Boots (Wellies)Galoshes
26.1%
WaistcoatVest
25.5%
Dinner JacketTuxedo
23.8%
CanteenCafeteria
23.7%
Bun/Fairy cakeCupcake
21.1%
CourgetteZucchini
20%
TreacleMolasses
15.5%

You're not logged in!

Compare scores with friends on all Sporcle quizzes.
OR
Log In

Sporcle TV

Today on Sporcle TV


Watch our educational content, quiz creation guides, and fun videos on Sporcle TV.

Show Comments

Extras

Top Quizzes Today


Score Distribution

Your Account Isn't Verified!

In order to create a playlist on Sporcle, you need to verify the email address you used during registration. Go to your Sporcle Settings to finish the process.

Report this User

Report this user for behavior that violates our Community Guidelines.

Details: